| 000 | 00687nam 22001933 4500 | ||
|---|---|---|---|
| 001 | 199346 | ||
| 090 | _a199346 | ||
| 100 | _a20251203d u||y0pory50 ba | ||
| 200 |
_aTristes trópicos _fClaude Lévy-Strauss _gtradução de Jorge Constante Pereira |
||
| 210 |
_aLisboa _cEdições 70 _dimp. 1981 |
||
| 215 |
_a415, [42] p. _cil. ; brochado _d22 cm |
||
| 225 |
_aPerspectivas do homem _h7 |
||
| 606 |
_92051 _aAntropologia Cultural. Etnologia. Etnografia. Usos e Costumes. Tradições. Modo de vida. Folclore |
||
| 675 |
_a39 _vPT _zpor |
||
| 700 |
_913135 _aLévy-Strauss _bClaude _f1908-2009 |
||
| 702 |
_915238 _aPereira _bJorge Constante |
||
| 801 |
_aPT _bBMMN _gRPC |
||
| 830 | _cVanda | ||
| 990 | _cLIVROS | ||